| 000 | 00847cam a2200241 a 4500 | ||
|---|---|---|---|
| 001 | 16088329 | ||
| 005 | 20250122164529.0 | ||
| 008 | 100208s2010 enk b 001 0 eng | ||
| 020 | _a9780273721642 (pbk.) | ||
| 020 | _a027372164X (pbk.) | ||
| 050 | 0 | 0 |
_aHF5686.I56 _bA427 2010 |
| 082 | 0 | 0 |
_a657 _222 |
| 100 | 1 |
_aAlexander, David, _d1947 June 16- |
|
| 245 | 1 | 0 |
_aFinancial accounting : _ban international introduction / _cDavid Alexander and Christopher Nobes ; with an appendix on double-entry bookkeeping by Anne Ullathorne. |
| 250 | _a4th ed. | ||
| 260 |
_aHarlow, Essex, England : _bPearson Education, _c2010. |
||
| 300 |
_axviii, 477 p. ; _c25 cm. |
||
| 650 | 0 |
_aInternational business enterprises _xFinance. |
|
| 650 | 0 | _aAccounting. | |
| 650 | 0 | _aFinancial statements | |
| 700 | 1 | _aNobes, Christopher. | |
| 942 |
_2lcc _cBK _e4th Ed. _n0 |
||
| 999 |
_c2829 _d2829 |
||